| 000 | 00368 a2200145 4500 | ||
|---|---|---|---|
| 005 | 20250419081329.0 | ||
| 020 | _a0-02-325410-6 | ||
| 082 | _a808. 021 COY | ||
| 100 | _aCOYLE, W. | ||
| 245 | _aResearch Papers | ||
| 250 | _a7th Ed. | ||
| 260 |
_aNew York, _bMacmillan, _c1985. |
||
| 300 |
_axi, 239p., ill., table, _bReferences, index, _c28cm. |
||
| 942 |
_2ddc _cBKS |
||
| 999 |
_c1582 _d1582 |
||